Tram stops Gothenburg: number 6 - Statistics

General Stats
  • This quiz has been taken 66 times
  • The average score is 19 of 45
Answer Stats
Order Answer % Correct
17 Brunnsparken
88%
29 Korsvägen
81%
28 Chalmers
77%
24 Linnéplatsen
77%
21 Järntorget
67%
16 Nordstan
65%
25 Sahlgrenska H
65%
30 Scandinavium
65%
33 Svingeln
60%
32 Ullevi norra
60%
18 Domkyrkan
58%
23 Olivedalsgatan
58%
22 Prinsgatan
58%
31 Ullevi södra
58%
19 Grönsakstorget
56%
26 Medicinaregatan
53%
20 Hagakyrkan
51%
27 Wavrinskys plats
51%
15 Frihamnen
49%
9 Eketrägatan
47%
38 SKF
47%
35 Redbergsplatsen
42%
13 Vågmästareplatsen
42%
12 Wieselgrensplatsen
42%
39 Bellevue
40%
37 Gamlestadstorg
40%
34 Olskroken
37%
7 Vårväderstorget
37%
40 Kviberg
35%
44 Kortedala torg
33%
4 Friskväderstorget
30%
11 Rambergsvallen
30%
3 Väderilsgatan
28%
36 Ejdergatan
26%
10 Gropegårdsgatan
26%
14 Hjalmar brantningsplatsen
26%
2 Temperaturgatan
23%
6 Mildvädersgatan
21%
45 Aprilgatan
19%
5 Önskevädersgatan
19%
8 Sälöfjordsgatan
19%
1 Varmfrontsgatan
19%
42 Nymånegatan
16%
43 Runstavsgatan
9%
41 Beväringsvägen
0%
No matching quizzes found
Score Distribution
Percent of People with Each Score
Percentile by Number Answered
Your Score History
You have not taken this quiz